00516 2200181 4500001002100000005001500021035002000036245006300056100003800119250001000157300004000167260003500207082001100242084001700253020001900270504002500289990002000314INLIS00000000000529320250508072318 a0010-05250000021 aKomputer & Masyarakat /cI Putu Agus Eka Pratama,S.T.,M.T.0 aI Putu Agus Eka Pratama,S.T.,M.T. aCet.1 a399 hlm, :bilus ;c15,5 x 23,5 cm. aBandung; :bInformatika,c2021 a621.39 a621.39 I P k a978623713140-3 aTentang Penulis16212 a16212/P/BL/2025